Normal view
MARC view
- الكوفحي، عابدة خالد
Entry Personal Name
001 - CONTROL NUMBER
- control field: 65282
003 - CONTROL NUMBER IDENTIFIER
- control field: JO-AjAnu
005 - DATE AND TIME OF LATEST TRANSACTION
- control field: 20240403125822.0
008 - FIXED-LENGTH DATA ELEMENTS
- fixed length control field: 240403|| aca||aabn | a|a d
040 ## - CATALOGING SOURCE
- Original cataloging agency: JO-AjAnu
100 ## - HEADING--PERSONAL NAME
- Personal name: الكوفحي، عابدة خالد
- Relator term: معد